Normal view
MARC view
Entry Topical Term
001 - CONTROL NUMBER
- control field: 38166
003 - CONTROL NUMBER IDENTIFIER
- control field: ARRUPE
005 - DATE AND TIME OF LATEST TRANSACTION
- control field: 20171208143803.0
008 - FIXED-LENGTH DATA ELEMENTS
- fixed length control field: 171208|| aca||aabn | a|a d
040 ## - CATALOGING SOURCE
- Original cataloging agency: ARRUPE
- Transcribing agency: ARRUPE
150 ## - HEADING--TOPICAL TERM
- Topical term or geographic name as entry element: Ethnology
- Geographic subdivision: Mozambique
670 ## - SOURCE DATA FOUND
- Source citation: Work cat.: (ARRUPE)93598: Rita-Ferreira, A. (António) 38164, Presença luso-asiática e mutações culturais no sul de Moçambique (até c. 1900), 1982.